| 000 | 00988nam a2200277 a 4500 | ||
|---|---|---|---|
| 003 | MX-MxUPN | ||
| 005 | 20240829172438.0 | ||
| 008 | 991125s1907 mx a jr 000 0 spa d | ||
| 035 | _aUPN01000024194 | ||
| 040 |
_aMX-MxUPN _bspa _cMX-MxUPN |
||
| 041 | _aspa | ||
| 050 | 4 |
_aLB1584 _bT6.4 1907 |
|
| 100 | 1 |
_aTorres Quintero, Gregorio, _d1866-1934 _929436 |
|
| 245 | 1 | 0 |
_aUna familia de héroes : _blibro de lectura para niños |
| 260 |
_aMéxico ; _aParís : _bLibreria de la Vda. de Ch. Bouret, _c1907. |
||
| 300 | _a286 páginas | ||
| 500 | _aA la cabeza de la portada: Narraciones mexicanas | ||
| 500 | _a"Geografía, historia, moral, civismo, ciencias, artes, industrias, viajes, costumbres, descripciones" | ||
| 650 | 4 |
_aCivismo _xEstudio y enseñanza (Elemental) _92807 |
|
| 650 | 4 |
_aLecturas y narraciones _910213 |
|
| 650 | 4 |
_aNovela mexicana _94557 |
|
| 651 | 4 |
_aMéxico _xDescripción y viajes _910016 |
|
| 904 |
_aAC _b024195 |
||
| 905 | _aLibro | ||
| 942 |
_2lcc _cLIBRO _n0 |
||
| 999 |
_c24194 _d24194 |
||